| 000 | 00552nac a22001691u 4500 | ||
|---|---|---|---|
| 008 | 100906t2000 ii |||||r|||| 001 0 eng d | ||
| 020 | _a8123904282 | ||
| 082 |
_a621.9 _bROW _222 |
||
| 100 |
_aRowe, G. W. _918209 |
||
| 245 |
_aPrinciples Industrial Metalworking Processes / _cG. W. Rowe. |
||
| 260 |
_aNew Delhi : _bCBS Publishers and Distributors, _c2000. |
||
| 300 |
_a407 p. : _bill. ; _c23 cm. |
||
| 500 | _aIncludes index. | ||
| 650 |
_aMetal-work. _918210 |
||
| 650 |
_aMetal-work. _xprocesses. _918211 |
||
| 942 |
_cBB _k621.9 ROW _2ddc |
||
| 999 |
_c1027 _d1027 |
||